सोहणी महींवाल / (Record no. 12659)
[ view plain ]
| 000 -LEADER | |
|---|---|
| fixed length control field | 02309 a2200289 4500 |
| 005 - DATE AND TIME OF LATEST TRANSACTION | |
| control field | 2009051206486.0 |
| 008 - FIXED-LENGTH DATA ELEMENTS--GENERAL INFORMATION | |
| fixed length control field | 090512t xxu||||| |||| 00| 0 HINd |
| 010 ## - LCCN (DPL NO) | |
| LC control number | B-301009-013 |
| 020 ## - INTERNATIONAL STANDARD BOOK NUMBER | |
| International Standard Book Number | 8179750477 |
| Terms of availability | 150.00 |
| 035 ## - SYSTEM CONTROL NUMBER | |
| System control number | B-301009-013 |
| 037 ## - SOURCE OF ACQUISITION | |
| Source of stock number/acquisition | अनामिका पब्लि. |
| 040 ## - CATALOGING SOURCE | |
| Original cataloging agency | DPL |
| Language of cataloging | HN |
| 082 ## - DEWEY DECIMAL CLASSIFICATION NUMBER | |
| Classification number | 821 |
| 100 ## - MAIN ENTRY--PERSONAL NAME | |
| Personal name | फज़ल शाह |
| 245 ## - TITLE STATEMENT | |
| Title | सोहणी महींवाल / |
| Statement of responsibility, etc | फज़ल शाह; नामवर सिंह द्वारा संपादित |
| 260 ## - PUBLICATION, DISTRIBUTION, ETC. (IMPRINT) | |
| Place of publication, distribution, etc | नई दिल्ली |
| Name of publisher, distributor, etc | अनामिका पब्लिशर्स एंड डिस्ट्रीब्यूटर्स |
| Date of publication, distribution, etc | 2003 |
| 270 ## - ADDRESS | |
| Address | 4697/3, 21-ए,अंसारी रोड, दरियागंज |
| City | नई दिल्ली |
| Postal code | 110002 |
| State or province | दिल्ली |
| 300 ## - PHYSICAL DESCRIPTION | |
| Extent | 47पृ |
| Dimensions | 25 सेमी (सजिल्द) |
| 700 ## - ADDED ENTRY--PERSONAL NAME | |
| Personal name | नामवर सिंह |
| 942 ## - ADDED ENTRY ELEMENTS (KOHA) | |
| Institution code [OBSOLETE] | dpl |
| Item type | Hindi Books |
| Call number prefix | / फज़ल |
| Source of classification or shelving scheme | Dewey Decimal Classification |
| Classification part | 821 |
| Call number suffix | फज़ल |
| Withdrawn status | Lost status | Source of classification or shelving scheme | Damaged status | Not for loan | Collection code | Home library | Current library | Date acquired | Source of acquisition | Cost, normal purchase price | Total Checkouts | Full call number | Barcode | Date last seen | Copy number | Cost, replacement price | Koha item type |
|---|---|---|---|---|---|---|---|---|---|---|---|---|---|---|---|---|---|
| Dewey Decimal Classification | Non-fiction | Central Library | Central Library | 12/05/2009 | अनामिका पब्लि./420/25.9.09/190/4.9.08/3.10.09 | 150.00 | 821 फज़ल | B-301009 | 12/05/2009 | 1 | 150.00 | Hindi Books | |||||
| Dewey Decimal Classification | Non-fiction | Karol Bagh | Karol Bagh | 12/05/2009 | अनामिका पब्लि./420/25.9.09/190/4.9.08/3.10.09 | 150.00 | 821 फज़ल | B-301012 | 12/05/2009 | 1 | 150.00 | Hindi Books | |||||
| Dewey Decimal Classification | Non-fiction | Patel Nagar | Patel Nagar | 12/05/2009 | अनामिका पब्लि./420/25.9.09/190/4.9.08/3.10.09 | 150.00 | 1 | 821 फज़ल | B-301010 | 20/11/2018 | 1 | 150.00 | Hindi Books | ||||
| Dewey Decimal Classification | Non-fiction | Sarojini Nagar | Sarojini Nagar | 12/05/2009 | अनामिका पब्लि./420/25.9.09/190/4.9.08/3.10.09 | 150.00 | 1 | 821 फज़ल | B-301011 | 10/04/2021 | 1 | 150.00 | Hindi Books | ||||
| Dewey Decimal Classification | Non-fiction | Shahdara Branch | Shahdara Branch | 12/05/2009 | अनामिका पब्लि./420/25.9.09/190/4.9.08/3.10.09 | 150.00 | 821 फज़ल | B-301013 | 12/05/2009 | 1 | 150.00 | Hindi Books |
